Познай щатите в САЩ - Statistics

General Stats
  • This quiz has been taken 141 times
  • The average score is 18 of 50
Answers on the Map
Answers color-coded by a green-red scale on the quiz's map according to % correct below.
 
Answer Stats
Answer % Correct
Хаваи
87%
Аляска
85%
Флорида
83%
Калифорния
81%
Тексас
81%
Вашингтон
73%
Орегон
56%
Ню Мексико
56%
Ню Йорк
56%
Северна Каролина
46%
Южна Каролина
44%
Аризона
42%
Невада
42%
Западна Вирджиния
40%
Джорджия
38%
Алабама
37%
Вирджиния
37%
Пенсилвания
37%
Южна Дакота
37%
Мейн
35%
Северна Дакота
35%
Охайо
33%
Луизиана
31%
Тенеси
31%
Ню Джърси
29%
Роуд Айлънд
29%
Мичиган
29%
Илинойс
29%
Монтана
29%
Мисисипи
27%
Вермонт
27%
Индиана
27%
Юта
27%
Колорадо
27%
Делауер
25%
Кентъки
23%
Канзас
23%
Мериланд
21%
Айдахо
21%
Масачузетс
19%
Ню Хампшър
19%
Минесота
19%
Оклахома
19%
Кънектикът
17%
Уайоминг
15%
Арканзас
15%
Мисури
12%
Небраска
12%
Уисконсин
10%
Айова
8%
No matching quizzes found
Score Distribution
Percent of People with Each Score
Percentile by Number Answered
Your Score History
You have not taken this quiz